000 00962cab a2200265 4500
001 WB3118-03
008 090401t1995 xxu||||| |||| 00| 0 eng d
035 _a(Sirsi) u65620
041 _aeng
245 _aNew boom for office building
260 _c1995
350 _a0
490 _aFinancial Times
_v9 May 1995, 39(2)
520 _aReports on a mini-boom of new office development in the City of London and West End reflecting supply and demand factors and the shortage of good quality buildings after a four year development gap. Graphical representation of prime City and West End headline rents.
650 _aCITY OF LONDON
650 _aOFFICE DEVELOPMENT
650 _aPROPERTY-COMMERCIAL PROPERTY-OFFICE PROPERTY-OFFICE PROPERTY MARKET
650 _aPROPERTY CYCLE
650 _aQUALITY BUILDINGS
650 _aSUPPLY AND DEMAND
650 _aWEST END OF LONDON
690 _aBUILT ENVIRONMENT
942 _n0
948 _c04/03/1997
999 _c40938
_d40938